000 00754cam a22002533a 4500
001 2378
003 PGUSA
005 20140828083014.0
008 001001s2000||||xxu|||||s|||||000 p eng d
040 _aPGUSA
_beng
042 _adc
050 4 _aPA
245 1 0 _aSelect Epigrams from the Greek Anthology
_h[electronic resource]
260 _bProject Gutenberg,
_c2000
500 _aUniform title: Greek anthology. Selections
506 _aPublic domain in the USA.
516 _aElectronic text
653 _aEpigrams, Greek
653 _aGreek poetry -- Translations into English
700 1 _aMackail, J. W.
_q(John William),
_d1859-1945
830 0 _aProject Gutenberg
_v2378
856 4 0 _uhttp://www.gutenberg.org/ebooks/2378
942 _cEB
999 _c231715
_d231715